[Event "Linares 18th"]
[Site "Linares"]
[Date "2001.03.03"]
[Round "7"]
[White "Grischuk, Alexander"]
[Black "Karpov, Anatoly"]
[Result "1-0"]
[WhiteElo "2663"]
[BlackElo "2679"]
[Annotator "Lukacs,P"]
[PlyCount "99"]
[EventDate "2001.02.23"]
[EventType "tourn"]
[EventRounds "10"]
[EventCountry "ESP"]
[EventCategory "19"]
[SourceTitle "CBM 082"]
[Source "ChessBase"]
[SourceDate "2001.05.17"]
[SourceVersion "1"]
[SourceVersionDate "2001.05.17"]
[SourceQuality "1"]

1. e4 {[%mdl 4] Hecht} c6 2. d4 d5 3. e5 Bf5 4. Nc3 Qb6 5. Nf3 e6 6. Be2 Ne7 7.
O-O Bg4 8. Na4 Qc7 9. b3 b5 (9... Nf5 {Sutovsky-Dreev, Tan Chin Nam Cup 5th
Shenyang 1999 CBM 73}) (9... Nd7 10. c4 Nb6 (10... Ng6 11. h3 Bxf3 12. Bxf3 b5
13. Nc3 bxc4 14. bxc4 Be7 15. g3 {/\ h4 and the N on g6 is badly placed.} O-O
16. h4 Rfb8 17. h5 Ngf8 18. h6 Ng6 19. c5 $16 {gaining space on the other
flank as well.}) (10... c5 $6 {opens up the position for the better developed
party.} 11. Nc3 Qc6 12. Nb5 Nf5 13. dxc5 Bxf3 14. Bxf3 Bxc5 15. a4 Ne7 16. cxd5
Nxd5 17. Bb2 $16 {Atatabo-J.Santos, Manila olm 1992}) (10... Nf5 {-
Bergez-Weiss, Mitropa Cup Baden 1999 CBM 71}) 11. Nb2 $1 {/\ c5} (11. Nc3 {
forgets about >< c4.} Bxf3 12. gxf3 Nf5 $132) 11... dxc4 (11... Nf5 12. c5 Nd7
13. a3 {/\ b4 maintaining the space advantage on the <<.}) 12. Nxc4 Ned5 {
Black has occupied the key-square >< d5, but White still has the space
advantage.} 13. Bd2 Be7 14. Ng5 Bxe2 15. Qxe2 O-O 16. Qe4 Bxg5 17. Bxg5 {
White has some attacking chances on the >>.} Qd7 18. Rfe1 Rae8 19. Qh4 f5 20.
exf6 Nxf6 (20... gxf6 21. Bh6 Rf7 22. Re2) 21. Ne5 $14 {Kobalija-Kharitonov,
Novgorod 1999}) 10. Nb2 Nd7 $1 $146 (10... b4 {weakens the << instead of
finishing the development.} 11. Na4 (11. h3 {This is not so important for the
moment.} Bxf3 12. Bxf3 c5 (12... Nf5 13. Bg4 $14) 13. dxc5 Nec6 14. Nd3 Nd7 15.
Bb2 {The e5 P is more important than the c one.} (15. Be3 $2 Ncxe5 16. Bf4 Bxc5
17. Bxd5 Rd8 18. Bxe6 fxe6 19. Nxe5 O-O 20. Nd3 Rxf4 21. Nxf4 Qxf4 $17 {
Ady-Thomson, SCO-ch 1988}) 15... Nxc5 $11) 11... Nd7 12. a3 a5 13. h3 $14) 11.
c4 $5 bxc4 12. bxc4 dxc4 (12... c5 {opens up the position with undeveloped
pieces.} 13. h3 $1 (13. cxd5 Nxd5) 13... Bh5 (13... Bxf3 14. Bxf3 cxd4 15. cxd5
Nxd5 16. Bxd5 exd5 17. Qxd4 $14) 14. Re1 cxd4 15. Nxd4 Bxe2 16. Qxe2 $14) 13.
Ng5 $6 (13. Nxc4 {was the simple solution.} Nd5 (13... Nf5 14. h3 Bxf3 15. Bxf3
$14) 14. Bd2 c5 15. Rc1 $14) 13... Bxe2 14. Qxe2 Nb6 (14... Nf5 $5 {attacking
immediately the weak isolated P looks risky, but it is playable.} 15. Nxc4 $5 (
{On} 15. Qxc4 Nb6 {comes with a tempo}) 15... Nxd4 16. Qh5 g6 $1 (16... Nxe5 $6
17. Nxe5 g6 18. Nxg6 fxg6 19. Qg4 $44) 17. Qd1 c5 $1 (17... Bc5 18. Bb2 $44))
15. Nxc4 Nf5 {Black has to put pressure on >< d4, the blockade of d5 is not so
necessary in this case.} (15... Ned5 16. Bd2 Be7 17. Rfc1 $14 {and White has
some pressure on the weak c P.}) 16. Rd1 Be7 17. Nf3 (17. Ne4 $5) 17... Nxc4 (
17... O-O $6 18. Nxb6 $1 {is the precise move order here.} (18. g4 Nh4 (18...
Nxc4 19. Qxc4 Nh4 20. Nxh4 Bxh4 21. Be3 Qd7 {- 17...Nxc4}) 19. Nxh4 Nxc4 (19...
Bxh4 $2 20. Nxb6 axb6 21. g5 $1 $16 {and the B on h4 is in trouble.}) 20. Qxc4
Bxh4 21. Be3 Qd7 {- 17..Nxc4}) 18... axb6 (18... Qxb6 $2 19. g4 Nh4 20. Nxh4
Bxh4 21. g5 $18) 19. g4 Nh4 20. Nxh4 Bxh4 21. g5 $16) 18. Qxc4 Qd7 (18... O-O
19. g4 (19. d5 exd5 20. Rxd5 Rad8 $13) (19. Bg5 Bxg5 20. Nxg5 Rab8 $11) 19...
Nh4 20. Nxh4 Bxh4 21. Be3 Qd7 {- 18...Qd7}) 19. g4 $1 (19. Bg5 Bxg5 20. Nxg5
O-O 21. Rac1 Rfd8 $11) 19... Nh4 20. Nxh4 Bxh4 21. g5 $5 {This is the
interesting idea threatening with d4-d5.} (21. Be3 O-O 22. Rdc1 Rac8 23. Rab1
Qd5 24. Qxd5 cxd5 25. Rxc8 Rxc8 26. Rb7 a5 27. Rb5 (27. Ra7 Bd8 28. a4 Kf8 29.
Bd2 $2 Bb6 $1) 27... Bd8 28. a4 Kf8 29. Bd2 Rc4 $11) 21... h6 (21... Qd5 22.
Qxd5 (22. Qe2 h6 $1 23. Qh5 Qe4 $132) 22... cxd5 23. Rb1 f6 $1 (23... O-O 24.
Rb3 $1 h6 $1 (24... f6 $2 25. gxf6 gxf6 26. Rh3 $18) 25. gxh6 Rfc8 26. Rh3 $16)
(23... h6 24. gxh6 gxh6 25. Rb7 a6 26. Ba3 $14) 24. Rb7 (24. exf6 gxf6 25. Re1
O-O 26. Rxe6 fxg5) 24... O-O $11) 22. d5 $1 (22. gxh6 g5 $1 $13) 22... hxg5 (
22... Bxg5 $2 23. Bxg5 hxg5 (23... exd5 24. Qh4 $18) 24. dxc6 $16) 23. Qxc6 Rc8
24. Qxd7+ Kxd7 25. d6 {This protected o^ is White's big hope.} (25. Be3 exd5 $1
(25... Rc2 26. d6 Rb8 27. Rab1 $14) 26. Rxd5+ Ke6 27. Rad1 g4 $11) 25... f6 $1
{Black has to undermine the position of o^ d6 as soon as possible.} (25... Rc2
26. Be3 Rb8 27. Rab1 $1 $14) 26. Be3 a5 27. Rab1 Rb8 28. Bb6 (28. Bd4 g4 $11) (
28. Rbc1 Rhc8 $11) 28... fxe5 29. Rdc1 e4 $1 (29... Rhc8 $2 30. Rc7+ $1 Rxc7
31. dxc7 Rc8 32. Bxa5 $16) 30. Rc7+ Kxd6 31. Rxg7 (31. Rd1+ Ke5 32. Bxa5 Kf5
$11) 31... Rhc8 32. Rd1+ (32. Bc7+ Rxc7 33. Rd1+ Ke5 34. Rxc7 {wins the
exchange, but Black grabs the |^ and some pawns for it.} Rb2 35. Rc5+ Kf4 36.
Rxa5 (36. Rf1 Rxa2) 36... Bxf2+ 37. Kh1 e3 $132) 32... Ke5 33. Be3 (33. Bc7+
Rxc7 {- 32.Bc7} (33... Kf6 34. Rdd7 Rb1+ 35. Kg2)) 33... Kf6 (33... Rc2) 34.
Rdd7 Rd8 $2 {[#]} (34... Rf8 $142) 35. Bxg5+ $1 {Now White gets a slightly
better _|_, but it is far from a clear-cut win.} Bxg5 36. Rdf7+ Ke5 37. Rxg5+
Kd4 38. Ra7 (38. Rxa5 {runs into perpetual checks after} Rg8+ 39. Kf1 Rb1+ 40.
Ke2 Rb2+ 41. Kf1 Rb1+ $11) 38... Rb1+ {'?!' Hecht.} (38... e3 $1 39. Rg4+ (39.
fxe3+ {Hecht} Kxe3 {war gut genug.}) 39... Kd3 40. Rg3 Rg8 41. fxe3 Rb1+ $11 {
was the simplest solution.}) (38... Rd5 $1 {Hecht} 39. Rxa5 (39. Rxd5+ {Hecht}
exd5 40. Rxa5 Rg8+ 41. Kh1 Rf8 42. Kg2 Rg8+ 43. Kf1 Rh8 $11) 39... Rxg5+ 40.
Rxg5 Ra8 41. h4 Rxa2 42. h5 e3 43. fxe3+ Kxe3 44. h6 Ra8 45. h7 Rh8 $11) 39.
Kg2 Rb2 {'?' Hecht.} (39... Rd5 $1 $11 {was still playable.} 40. Rxa5 Rb2) ({
oder} 39... e3 {Hecht} 40. fxe3+ Kxe3 41. Raxa5 Kf4) 40. Raxa5 {[#]} Rf8 $4 {
'?' Hecht. This is the real mistake. Hecht: 'Die letzten schwarzen Züge waren
Früchte der Zeitnot. '} (40... Rd5 $1 {was the last chance to defend:} 41. Ra4+
(41. Kg3 Rxg5+ 42. Rxg5 Rxa2 $11) (41. Rgxd5+ exd5 42. Kg3 Rc2 43. h4 Rc8 $11)
41... Kc5 42. Ra5+ (42. h4 e3) (42. Rxd5+ exd5 43. Kg3 Rb8 $11) 42... Kd4 $11)
({Es musste} 40... Rd5 {Hecht versucht werden.}) 41. Ra4+ $18 {'+-!' Hecht.}
Kd3 42. Rg3+ Kd2 43. Rxe4 Rxa2 44. Rxe6 {and here the f and h pawns will
guarantee the success because of the terrible black K. Hecht: 'Der schwarze
König ist nun sowohl horizontal wie vertikal abgeschnitten. Die Bauern f+h
sind deshalb keine "Remisbauern".'} Ra4 45. Rd6+ Kc2 46. Rdd3 Raf4 47. Rdf3
Rxf3 48. Rxf3 Rh8 49. Rf4 Kd3 50. h4 1-0

[Event "Linares 18th"]
[Site "Linares"]
[Date "2001.03.05"]
[Round "9"]
[White "Grischuk, Alexander"]
[Black "Shirov, Alexei"]
[Result "1-0"]
[WhiteElo "2663"]
[BlackElo "2718"]
[Annotator "Ftacnik,L"]
[PlyCount "101"]
[EventDate "2001.02.23"]
[EventType "tourn"]
[EventRounds "10"]
[EventCountry "ESP"]
[EventCategory "19"]
[SourceTitle "CBM 082"]
[Source "ChessBase"]
[SourceDate "2001.05.17"]
[SourceVersion "1"]
[SourceVersionDate "2001.05.17"]
[SourceQuality "1"]

1. e4 {Hecht} c5 2. Nf3 d6 3. d4 cxd4 4. Nxd4 Nf6 5. Nc3 a6 6. f3 Qb6 7. Nb3 e6
8. g4 Nc6 9. Qe2 d5 $5 {The possibilities in chess are endless, Shirov comes
up with a novelty in the 9th move.} (9... Be7 10. h4 Qc7 11. Be3 b5 12. O-O-O
Bb7 13. Kb1 Rc8 14. g5 Nd7 15. Qf2 Nce5 16. Nd4 Nc4 17. Bh3 {1-0 Iruzubieta
Villaluenga,J-Gomez Esteban,J/ Euskadi 1995/ (32)}) (9... h6 10. Be3 Qc7 11.
O-O-O b5 12. Kb1 Ne5 13. Qf2 b4 14. Na4 Rb8 15. Rg1 Bb7 16. Bb6 Qc6 17. Ba7 Ra8
18. Na5 Qxa4 19. Nxb7 Qd7 20. Qb6 Be7 {1/2-1/2 Arizmendi Martinez,J-Gershon,A/
Bermuda/ 1999/ (35)}) (9... Qc7 10. Be3 b5 11. O-O-O (11. g5 Nd7 12. Qg2 Nb6
13. h4 b4 14. Nd1 Ne5 15. Bd4 Bb7 16. Na5 Rc8 17. Nxb7 Qxb7 18. Rh3 Nc6 19. Bg1
g6 20. a3 {1-0 Yagupov,I-Selin,O/Tula/2000/ (30)}) 11... Be7 12. Kb1 Nd7 13.
Qf2 Bb7 14. g5 Rc8 15. Rg1 O-O 16. h4 b4 17. Na4 Nce5 18. Nb6 Nxb6 19. Bxb6 Qb8
20. Bh3 Nc4 21. Ba7 Qc7 22. h5 a5 23. g6 {1-0 Leko,P-Topalov,V/Batumi/1999/ 
(51)}) 10. Be3 (10. exd5 Nb4 11. dxe6 Bxe6) (10. g5 d4) 10... d4 11. Bf2 Bc5 (
11... e5 12. g5 Qc7 13. gxf6 dxc3 14. fxg7 Bxg7 15. bxc3 $14) 12. a3 $1 Qc7 (
12... dxc3 13. Bxc5 Qc7 14. bxc3 (14. O-O-O cxb2+ 15. Kxb2 e5 $1 $11) 14... Nd7
15. Be3 O-O $13) 13. O-O-O $6 (13. Nxc5 dxc3 14. b4 $1 $14) (13. Nb5 axb5 14.
Nxc5 b4 $1 $13) 13... Bxa3 14. bxa3 (14. Nxd4 Nxd4 15. Bxd4 Be7 $11) 14... dxc3
15. Bc5 e5 (15... Na5 $5 16. Qe3 Nxb3+ 17. cxb3 Bd7 18. Bd6 Qc6 $13) 16. Qe3
Nd4 {Black is throwing some sand into white's plans, his main disadvantage is
the absence of the bishop's pair.} (16... Nd7 17. Bd6 Qd8 18. Qxc3 $13) 17. g5
(17. Bxd4 exd4 18. Qxd4 Be6 $15) 17... Nh5 (17... Nxb3+ 18. cxb3 Nd7 19. Bd6
Qc6 20. Kc2 $14) 18. Qxc3 Nxb3+ 19. cxb3 Be6 20. Kb2 Rc8 21. Bb4 Qxc3+ (21...
Nf4 $5 22. Qxc7 (22. h4 Qxc3+ 23. Bxc3 f6) 22... Rxc7 23. Bc3 f6 24. gxf6 gxf6
25. Rg1 Rg8 $11) 22. Bxc3 f6 23. gxf6 gxf6 24. Rd6 Nf4 (24... Ke7 25. Bb4 a5
26. Rxe6+ Kxe6 27. Bh3+ Kf7 28. Bxc8 Rxc8 29. Bxa5 $16) 25. Bd2 $1 Kf7 26. Bxf4
(26. Rb6 Rc7 27. Bxf4 exf4 28. Bc4 Bxc4 29. bxc4 Rd8 $11) 26... exf4 27. Bc4 $1
(27. Rxe6 Kxe6 28. Bh3+ Ke5 29. Bxc8 Rxc8 30. Rd1 Rg8 $1 $11) 27... Bxc4 28.
bxc4 Rxc4 {Hecht: '[#] Doppelturmendspiel mit Mattideen'} 29. Rd7+ Ke6 30. Rhd1
Rc6 $6 {[%mdl 4096] Despite Grischuk's spirited play the chances of both sides
were still balanced. The last Shirov's move is passive and he will pay a prize.
} (30... Rhc8 $1 $11) 31. Rxb7 Rg8 {'?' Hecht.} (31... Rhc8 $1 $11 {Hecht mit
weitaus besserer Zusammenarbeit der schwarzen Türme}) 32. Rdd7 (32. Kb3 $5 Rg2
33. Rxh7 $16) 32... Rg2+ (32... Rgc8 {Hecht} 33. Re7+ Kd6 34. Rbd7+ Kc5 35.
Rxh7 $16) 33. Kb3 Rxh2 (33... Rf2 34. Re7+ Kd6 35. Rbd7+ Kc5 36. Rd3 Rxh2 37.
Rd5+ Kb6 38. a4 {wie in der Partie}) 34. Re7+ Kd6 35. Rbd7+ Kc5 36. Rd5+ Kb6
37. a4 $1 a5 (37... Rcc2 $6 38. a5+ Kc6 39. Re6+ Kb7 40. Rb6+ Kc7 41. Rxf6 $18)
38. Rb5+ Ka6 39. Re8 $1 Rb6 $2 {The last mistake as white will be able to
reach technically winning position.} (39... Ka7 40. Rxa5+ Kb6 41. Rb5+ Ka7 (
41... Kc7 {Hecht} 42. Re7+ Kd6 43. Rbb7 Rf2 44. Rbd7+ Kc5 45. Rd3 {mit
witzigem Rundlauf des Königs und noch keinem wirklich greifbarem weißen
Vorteil, z.B..} Rd6 (45... Rb6+ $6 {Hecht} 46. Kc3 Rbb2 $2 47. Rd5+ Kc6 48.
Re6+ Kc7 49. Rxf6 Rbc2+ 50. Kd4 Rxf3 51. Ke5 $16) 46. Rc3+ Kd4 47. a5 h5 48.
Rh7 Rh2 {sieht eher nach gleichem Spiel aus.}) 42. Rf5 $16 (42. Re7+ Ka6 43.
Rbb7 Rd2 44. Rxh7 Rd3+ 45. Kb4 Rd4+ 46. Ka3 Rc3+ 47. Rb3 Rcc4 $16)) 40. Ra8+
Kb7 41. Rb8+ $1 Kxb8 42. Rxb6+ Kc7 43. Rxf6 {Hecht: '[#] Weiß erhält nun
entweder verbundene Freibauern oder aber eine völlig passive Stellung.'} h5 (
43... Rh4 $6 44. Kc4 $18 Kd7 45. Kd5 Ke7 46. Ke5 $18) 44. Rxf4 h4 45. Kc4 h3
46. Rh4 Rh1 47. Kd5 h2 48. Ke5 Rf1 (48... Kd7 49. f4 $18 Ke7 50. f5 Kf7 51. f6
Kg6 52. Rg4+ Kf7 53. Rg7+ Kf8 54. Rg2 Kf7 55. Rb2 Kg6 56. Ke6 Re1 57. Rg2+ $18)
49. Rxh2 Rxf3 50. Rc2+ Kb6 (50... Kd7 51. Rc5 $18 Rh3 52. Kd4 $18) 51. Rc4 1-0

[Event "World Cup of Rapid Chess-A"]
[Site "Cannes"]
[Date "2001.03.21"]
[Round "2"]
[White "Kasparov, Garry"]
[Black "Grischuk, Alexander"]
[Result "1/2-1/2"]
[WhiteElo "2849"]
[BlackElo "2663"]
[Annotator "Golod,V"]
[PlyCount "95"]
[EventDate "2001.03.21"]
[EventType "tourn (rapid)"]
[EventRounds "5"]
[EventCountry "FRA"]
[EventCategory "18"]
[SourceTitle "CBM 082"]
[Source "ChessBase"]
[SourceDate "2001.05.17"]
[SourceVersion "1"]
[SourceVersionDate "2001.05.17"]
[SourceQuality "1"]

1. e4 c5 2. Nf3 Nc6 3. d4 cxd4 4. Nxd4 Nf6 5. Nc3 e6 6. Nxc6 bxc6 7. e5 Nd5 8.
Ne4 Bb7 $5 9. Be2 (9. c4 $5 {In my opinion, this very interesting reaction on
the previous move of black.See comments to Shabalov,A-Vescovi,G/Paget Parish,
2001/CBM 81(0-1)(Golod,V)(33)}) 9... c5 {/^a8-h1,/\Qc7(קe5)} 10. O-O {With
the idea c4 and Nd6.} ({Dubious immediately:} 10. c4 {in view of:} Ne3 $1 11.
Bxe3 Bxe4 12. f3 Bc6 $11) 10... Qc7 11. Nd6+ ({Also it deserves attention:} 11.
c4 $5 {You can see comments to Shirov,A-Kramnik,V/Frankfurt,2000/CBM 78(1/2-1/
2)(Golod,V)(93) (Golod,V)}) ({After:} 11. f4 {black has two equals options: 11.
..c4 or 11... f5}) 11... Bxd6 12. exd6 Qc6 13. f3 c4 {/\Rc8,Qxd6} 14. Qd4 {
[%csl Rc4,Rg7]} O-O 15. Bxc4 {With the idea:16.Bb3 or 16.Bd3 and 17.c4} Rfc8 {
Black do not take away back at pawn"d6".Black want to exchange the queens and
to receive ^-(multi-coloured bishops) in the endgame.} (15... Qxd6 $5 {See
comments to Anand,V-Leko,P/Dortmund,1999/CBM 72(1/2-1/2)(Golod,V)(29)}) 16. b3
$5 $146 {[%mdl 8] This time,Garry Kasparov wants to save two bishops.} ({
Was checked in the three previous games:} 16. Bxd5 $5 {You can see comments to
Kasparov,G-Grischuk,A/Linares,2001/CBM 82 (1-0) (Golod,V)(45)}) 16... Qxd6 17.
Bb2 {[%csl Gb2,Gd4] /^a1-h8} Qb6 $5 ({Shipov makes the comments concerning
next move of black in "Club Kasparov":} 17... e5 18. Qd3 {(it's best reaction
to 17...e5)} (18. Qe4 $6 Nb6 $1 19. Qxb7 $140 (19. Bxf7+ $4 Kxf7 20. Qxb7 Rxc2
21. Rab1 $140 Qd2 $19 {[%csl Rb2,Rg2]}) (19. Qxe5 Qxe5 20. Bxe5 Nxc4 21. bxc4
Rxc4 $11) 19... Nxc4 20. bxc4 Qc5+ $1 (20... Rab8 $143 {[%csl Rb2]} 21. Qxa7
Rxb2 22. Rfd1 $14) 21. Kh1 Rab8 22. Qxd7 Rxb2 {+/=/=}) (18. Qxe5 $6 Qxe5 19.
Bxe5 Ne3 $11 {[%csl Rc4,Rf1]}) 18... Qb6+ 19. Kh1 Ne3 20. Bxe5 Rxc4 $5 (20...
Nxf1 $140 $6 21. Bxf7+ $3 Kxf7 (21... Kh8 22. Rxf1 $16) 22. Qxd7+ Kf8 (22...
Kg6 $143 23. Qxg7+ Kf5 (23... Kh5 $2 24. Qg4+ Kh6 25. Bg7#) 24. Re1 $1 {
[%csl Rf5][%cal Gg7g4]} Ne3 $140 25. Rxe3 Qxe3 26. Qf6#) 23. Qxg7+ Ke8 24. Re1
$16 {[%csl Ge1,Re8]}) 21. bxc4 Nxf1 22. Rxf1 $14) 18. Rf2 ({Senselessly:} 18.
Bxd5 Bxd5 19. c4 Qxd4+ 20. Bxd4 Bb7 $11) 18... Qxd4 19. Bxd4 Nb4 {[%csl Rc2]
[%cal Gd7d5] Black want to begin to move central pawns.} 20. c3 ({Looks more
poorly:} 20. a3 Nc6 ({Pretty dubious:} 20... d5 {in view of:} 21. axb4 dxc4
$140 22. Bxa7 (22. Rxa7 $6 Rxa7 23. Bxa7 cxb3 24. cxb3 Rc1+ 25. Rf1 Rxf1+ 26.
Kxf1 Bd5 {[%csl Rb3]} 27. Ke2 (27. b5 Bxb3 28. b6 Bd5 $11) 27... Bxb3 28. Ke3
Kf8 29. Kd4 Ke8 $11) 22... cxb3 23. cxb3 {[%cal Gb4b5] +/=/+/-}) 21. Bb2 d5 22.
Bd3 a5 $11 {[%cal Gb7a6]}) 20... Nc6 ({A little worse is:} 20... d5 21. Bb5 Nc6
22. Bxc6 Rxc6 23. Re1 f6 24. f4 Ba6 25. Rd2 {+/=/=}) 21. Be3 d5 {In exchange
for advantage of the white in queen side, black has a advantage in the centre.}
22. Bf1 a5 {[%cal Ga5a4]} 23. a4 {Now for white it will be very heavy to
advance in movement PP in the queen side.} Ne7 24. Rc1 f6 ({Can be recommended:
} 24... Ba6 $5) 25. Bb5 {[%csl Rc8,Re6][%cal Gb5d7]} Nf5 26. Bd2 ({Dubious:} 
26. Bd7 Nxe3 27. Bxe6+ Kf8 28. Bxc8 Rxc8 29. Re2 (29. Rd2 $5 Nf5) 29... Nf5 (
29... d4 $143 30. Ree1) 30. Ree1 {and it is possible to prefer only a position
of black.}) 26... Rc7 {[%csl Yc7][%cal Gf5d6,Yc7d7]} 27. Bd3 Nd6 28. Be1 Ba6 $1
{At last,bishop on this /^a6-f1.} 29. Bc2 ({After bishops was exchange:} 29.
Bxa6 $6 Rxa6 {black has a positional advantage.}) 29... Kf7 $11 30. Rd1 {
[%csl Rd6][%cal Gc3c4]} ({Impossibly now and then:} 30. Bxh7 {because of:} g6 {
[%csl Rh7][%cal Gf7g7,Ga8h8]}) 30... Nb7 {It is necessary to prevent progress:
c3-c4} 31. b4 Bc4 {This eternal point for the bishop!} 32. g4 {[%csl Yg4][%cal
Yg4f5]} Nd6 33. b5 {It is impossible to stand under a pressure.} Nb7 34. Rfd2
Nc5 {[%csl Ra4][%cal Gc4b3]} 35. Rb1 {[%csl Yb1]} Rac8 36. Bf2 Rb7 37. h4 {
/\Bxh7} g6 38. Kg2 e5 39. h5 Ne6 {[%csl Rf4] This more reliable decision,than:}
(39... gxh5 $5 40. Rh1 (40. gxh5 $6 Ke6 $15) 40... Ne6 41. Bg3 (41. Be3 $5)
41... Ng7 42. gxh5 h6 43. Bf2 $11) 40. hxg6+ hxg6 41. Rh1 {<->h} Nf4+ 42. Kg3
Kg7 43. Be3 $1 Ne2+ 44. Kf2 Nxc3 45. Rh6 {[%csl Rg6]} d4 ({A slightly
dubiously:} 45... e4 {because of:} 46. g5 $1 $44 (46. Ke1 $6 {[%csl Rg7][%cal
Gd2h2]} Ne2 $1 $15 {[%csl Rc2]})) 46. Rxg6+ Kf7 47. Bh6 Rg8 48. Rxg8 {After
this move Grischuk is agreed for draw, because of next variant:} (48. Rxg8 Kxg8
49. g5 fxg5 50. Bxg5 {with approximately equal position.}) 1/2-1/2

[Event "World Cup of Rapid Chess-A"]
[Site "Cannes"]
[Date "2001.03.21"]
[Round "3"]
[White "Grischuk, Alexander"]
[Black "Bareev, Evgeny"]
[Result "0-1"]
[WhiteElo "2663"]
[BlackElo "2709"]
[Annotator "Psakhis,L"]
[PlyCount "110"]
[EventDate "2001.03.21"]
[EventType "tourn (rapid)"]
[EventRounds "5"]
[EventCountry "FRA"]
[EventCategory "18"]
[SourceTitle "CBM 082"]
[Source "ChessBase"]
[SourceDate "2001.05.17"]
[SourceVersion "1"]
[SourceVersionDate "2001.05.17"]
[SourceQuality "1"]

1. e4 e6 2. d4 d5 3. e5 c5 4. c3 Nc6 5. Nf3 Nh6 $5 {Maybe sharpest move in
this position.Quite often black choose also} (5... Qb6 {or}) (5... Bd7 $5) 6.
dxc5 Bxc5 (6... Ng4 $2 7. Qa4 $1 $16) 7. b4 Bb6 8. b5 (8. Bxh6 gxh6 9. b5 Ne7
10. Bd3 Ng6 $13) 8... Ne7 9. Bd3 Ng4 {Fresh idea, Black played as usual in
this position} (9... Ng6 10. O-O O-O {with unclear consequances, for example}
11. Bxh6 gxh6 12. a4 (12. Qa4 $6 Bd7 13. h4 (13. Qg4 f5 $1 14. Qg3 Kh8 15. h4
Bc7 $17) 13... f5 (13... h5 $5) (13... f6 $5) 14. h5 Nh8 15. Nbd2 Nf7 16. c4 $5
Ng5 $132 {Gallagher,J-Glek,I/Douai i57 1993 (20)}) (12. Re1 $5) 12... f6 13.
Bxg6 hxg6 14. Qd3 Kg7 15. Nbd2 Bd7 16. c4 fxe5 17. cxd5 exd5 18. Qxd5 Bf5 19.
Qxe5+ Qf6 20. Rfe1 Qxe5 21. Rxe5 Rae8 $44 {Sveshnikov,E-Moskalenko,V/Rostov na
Donu (op) 1993/ 1/2-1/2 (46)}) 10. O-O Ng6 11. Bxg6 $146 (11. Qe2 f5 12. h3 Nh6
13. c4 Nf7 14. cxd5 Qxd5 15. Nc3 Qd8 16. Be3 Bxe3 17. Qxe3 O-O {Laveryd,
P-Couso,L/SVE masters-ch 1995/1-0 (42)}) 11... fxg6 (11... hxg6 $5 12. Qa4 Nh6)
12. h3 Nh6 {[%cal Gh6f5]} 13. Bxh6 gxh6 {Here Black's pawn formation is
seriously compromised on the kingside.} 14. Nbd2 O-O 15. c4 a6 $1 16. Qe2 (16.
bxa6 Rxa6 17. cxd5 Qxd5) 16... axb5 17. cxd5 exd5 (17... Qxd5 18. Ne4 Qc4 19.
Nf6+ Kg7 20. Qb2 $44) 18. Qxb5 Ra5 19. Qb4 (19. Qb3 $5 {[%cal Gd2e4]}) 19...
Bc5 20. Qc3 Ba7 21. a4 {[%cal Gd2b3]} (21. Nb3 Ra4 22. Nbd4 Bxh3 $5 23. gxh3
Bxd4 24. Nxd4 Qg5+ 25. Kh1 Qxe5 {[%csl Rh1]}) 21... d4 (21... Rf4 $5) 22. Qb4
Rd5 23. Rfe1 {[%cal Ge5e6]} ({I think that White rightly avoided the line} 23.
Ne4 Rxf3 $1 24. gxf3 Rxe5 $44) 23... Qb6 24. Qxb6 Bxb6 25. Ne4 Kg7 26. Rab1 Bc7
27. Rb5 $2 {Mistake, after} (27. Rec1 $1 {Black should have stuck to a passive
defense, for example} Bxe5 28. Nxe5 Rxe5 29. Rc7+ Kg8 (29... Rf7 $2 30. Rxf7+
Kxf7 31. Nd6+ $18) 30. Nd6 Bf5 (30... d3 $5) 31. Rbxb7 $40) 27... Rxb5 28. axb5
d3 29. Nc5 (29. Rc1 $1) 29... Rd8 (29... Bb6 30. Nxd3 Bxh3 $13) 30. Rd1 d2 31.
Ne4 (31. Rxd2 Rxd2 32. Nxd2 Bxe5 $36 {[%csl Gc8,Ge5]}) 31... Bf5 {Its became
more or less obvious that Black seized initiative.} 32. Nexd2 (32. Nd6 $5 Bxd6
33. exd6 Rxd6 34. Rxd2 Rxd2 35. Nxd2 Kf6 {[%csl Rb5]}) 32... Ba5 {[%csl Gf5]
[%cal Ra5d2,Rd8d1]} 33. e6 Kf6 34. Re1 (34. g4 Bxe6 (34... Bd3) 35. Ne4+ Ke7
$17) 34... Ke7 (34... Bxd2 35. e7 Re8 36. Nxd2 Rxe7 $15) 35. Re2 Bd3 $6 ({
It will be very difficult to defend white position after} 35... Rd5 $5) 36. Re3
Bxb5 37. Ne4 $2 $138 {Decisive mistake} ({After} 37. Re5 $1 Bxd2 38. Rxb5 $14 {
black could hope just about draw!}) 37... Bc6 $17 38. g4 Bb6 39. Re2 Rd1+ 40.
Kg2 Bc7 {[%cal Rc6f3]} 41. h4 Rd3 42. g5 (42. Ne1 $5 Rd4 43. f3) 42... h5 43.
Ne1 Rd4 44. f3 Bxe4 45. fxe4 (45. Rxe4 Rd2+ 46. Kf1 Bg3 $19) 45... Kxe6 46. Nf3
Rc4 47. Rb2 b6 $19 {[%csl Re4,Rg5,Rh4]} 48. e5 Bxe5 $5 49. Rxb6+ Kf5 50. Rb5
Re4 51. Rb7 (51. Ra5 $5 Kf4 $140 52. Nxe5 Rxe5 53. Ra7 Kg4 54. Ra4+ $1) 51...
Kg4 $2 (51... Bf4 $1 52. Rxh7 Kg4 $19 {wins immediately}) 52. Kf1 $2 {I
suspect, that both players had severe time troubles. Other case Grischuk will
play} (52. Nxe5+ Rxe5 53. Rb4+ Kf5 54. Kf3 $11 {[%cal Gb4f4] with very big
chances for a draw.}) 52... Re2 53. Nxe5+ Rxe5 54. Rb4+ Kg3 55. Rd4 Rf5+ {
[%cal Gf5f4]} 0-1